| 000 | 00399cam a2200145ua 4500 | ||
|---|---|---|---|
| 041 |
_aeng _h |
||
| 082 |
_a828.09 _bMAT/AC |
||
| 100 | _aMathiessen, F.O . | ||
| 245 |
_aachivement of T.S.ELiot: on essays the nature of poetry / _cMathiessen F.O. _hTextual Documents |
||
| 260 |
_aNewdelhi : _bGalgolia book house , _c1967. |
||
| 300 | _a249 ; . | ||
| 504 | _a | ||
| 942 | _cBK | ||
| 999 |
_c12300 _d12300 |
||